Study in the Netherlands 2003/2004: Catalogue of international study programmes and courses

Đã lưu trong:
书目详细资料
格式: 图书
语言:Undetermined
出版: NUFFIC 2002
主题:
标签: 添加标签
没有标签, 成为第一个标记此记录!
Thư viện lưu trữ: Trung tâm Học liệu Trường Đại học Cần Thơ
LEADER 00435nam a2200145Ia 4500
001 CTU_52881
008 210402s9999 xx 000 0 und d
082 |a 378 
082 |b S933 
245 0 |a Study in the Netherlands 2003/2004: Catalogue of international study programmes and courses 
260 |b NUFFIC 
260 |c 2002 
650 |a education 
650 |z the netherlands 
980 |a Trung tâm Học liệu Trường Đại học Cần Thơ